000 00347nam a22001217a 4500
008 181129b xxu||||| |||| 00| 0 eng d
041 _aeng
080 _a043.3
100 _a0
101 _aMTH-MBE
245 _aMenaxhimi strategjik i relacionit furnizues-shites. Evidence empirike nga rrjeti i bizneseve ne Kosove
_cPozhegu, B
942 _2udc
_cBK
999 _c52666
_d52666